Power system analysis (Record no. 1347)

000 -LEADER
fixed length control field 00590nam a2200229 a 4500
001 - CONTROL NUMBER
control field 1347
003 - CONTROL NUMBER IDENTIFIER
control field BD-DhUET
008 - FIXED-LENGTH DATA ELEMENTS--GENERAL INFORMATION
fixed length control field 931008s1994 nyua 001 0 eng
020 ## - INTERNATIONAL STANDARD BOOK NUMBER
International Standard Book Number 0070585156
020 ## - INTERNATIONAL STANDARD BOOK NUMBER
International Standard Book Number 0071133380
040 ## - CATALOGING SOURCE
Original cataloging agency DLC
Transcribing agency DLC
Modifying agency BD-DhUET
082 00 - DEWEY DECIMAL CLASSIFICATION NUMBER
Classification number 623.19
Item number GRA/1994
100 1# - MAIN ENTRY--PERSONAL NAME
Personal name Grainger, John J.
245 10 - TITLE STATEMENT
Title Power system analysis
250 ## - EDITION STATEMENT
Edition statement 1st ed.
260 ## - PUBLICATION, DISTRIBUTION, ETC. (IMPRINT)
Place of publication, distribution, etc. New York
Name of publisher, distributor, etc. McGraw-Hill
Date of publication, distribution, etc. 1994
300 ## - PHYSICAL DESCRIPTION
Extent xix, 787 p.
Other physical details ill.
504 ## - BIBLIOGRAPHY, ETC. NOTE
Bibliography, etc Includes bibliographies
650 #0 - SUBJECT ADDED ENTRY--TOPICAL TERM
Topical term or geographic name as entry element Electric power systems-Management
700 1# - ADDED ENTRY--PERSONAL NAME
Personal name Stevenson, William D.
942 ## - ADDED ENTRY ELEMENTS (KOHA)
Koha item type General Book
Holdings
Damaged status Koha full call number Koha out on loan Koha renewals Piece designation (barcode) Koha normalized classification for sorting Price effective from Not for loan Copy number Location (home branch) Shelving location Withdrawn status Sublocation or collection (holding branch) Koha issues (times borrowed) Source of classification or shelving scheme Date acquired Koha item type Koha date last borrowed Lost status Koha date last seen
 623.19/GRA/1994  103960623_000000000000000_19GRA19942014-09-03 1Central Library, BUETCirculation section Central Library, BUET5 2014-09-03General Book2024-03-04 2024-06-01
 623.19/GRA/1994  103961623_000000000000000_19GRA19942014-09-03 2Central Library, BUETCirculation section Central Library, BUET1 2014-09-03General Book2019-05-06 2020-01-14
 623.19/GRA/1994 1103962623_000000000000000_19GRA19942014-09-03 3Central Library, BUETCirculation section Central Library, BUET3 2014-09-03General Book2025-07-13 2025-11-03
 623.19/GRA/1994  103963623_000000000000000_19GRA19942014-09-03 4Central Library, BUETCirculation section Central Library, BUET1 2014-09-03General Book2019-10-21 2025-04-22
 623.19/GRA/19942023-12-11 103964623_000000000000000_19GRA19942014-09-03 5Central Library, BUETCirculation section Central Library, BUET1 2014-09-03General Book2023-11-27 2023-11-27
 623.19/GRA/1994  103965623_000000000000000_19GRA19942014-09-03 6Central Library, BUETCirculation section Central Library, BUET  2014-09-03General Book  2016-01-26
 623.19/GRA/1994 2103966623_000000000000000_19GRA19942014-09-03 7Central Library, BUETCirculation section Central Library, BUET1 2014-09-03General Book2021-02-13 2021-12-13
 623.19/GRA/19942023-02-06 103967623_000000000000000_19GRA19942014-09-03 8Central Library, BUETCirculation section Central Library, BUET2 2014-09-03General Book2022-02-06 2022-02-06
 623.19/GRA/19942025-05-17 103968623_000000000000000_19GRA19942014-09-03 9Central Library, BUETCirculation section Central Library, BUET5 2014-09-03General Book2025-05-03 2025-05-03
 623.19/GRA/1994  89529623_190000000000000_GRA_19942015-06-21 10Central Library, BUETReading section Central Library, BUET  2015-06-21Reading Item  2015-06-21
 623.19/GRA/1994  91138623_190000000000000_GRA_19942015-06-21 11Central Library, BUETReading section Central Library, BUET  2015-06-21Reading Item  2015-06-21
 623.19/GRA/1994  90777623_190000000000000_GRA_19942015-07-02 12Central Library, BUETReading section Central Library, BUET  2015-07-02Reading Item  2015-07-02